Statistics for AFI's 100 Years of Film Scores (Top 25)

Click here to take the quiz!

General Stats

  • This quiz has been taken 291 times
  • The average score is 11 of 25

Answer Stats

RankYearComposerFilm Score% Correct
11977John WilliamsStar Wars
99%
51972Nino RotaThe Godfather
87%
41960Bernard HerrmannPsycho
86%
61975John WilliamsJaws
84%
141982John WilliamsE.T. the Extra-Terrestrial
76%
21939Max SteinerGone with the Wind
62%
121958Bernard HerrmannVertigo
61%
251962Alfred NewmanHow the {West} {Was} {Won}
52%
31962Maurice JarreLawrence of Arabia
45%
91974Jerry GoldsmithChinatown
39%
241981Dave GrusinOn {Golden} {Pond}
38%
201964Henry ManciniThe {Pink} {Panther}
36%
211959Miklos Rozsa{Ben}-{Hur}
34%
111938Erich Wolfgang KorngoldThe Adventures of {Robin} {Hood}
33%
221954Leonard BernsteinOn the Waterfront
29%
161950Franz Waxman{Sunset} {Boulevard}
29%
191951Alex NorthA {Streetcar} {Named} {Desire}
27%
151985John Barry{Out} of {Africa}
27%
181968Jerry Goldsmith{Planet} of the {Apes}
19%
231986Ennio MorriconeThe {Mission}
18%
171962Elmer Bernstein{To} {Kill} a {Mockingbird}
17%
101952Dimitri Tiomkin{High} {Noon}
15%
81960Elmer BernsteinThe {Magnificent} {Seven}
15%
131933Max Steiner{King} {Kong}
14%
71944David Raksin{Laura}
12%

Score Distribution

Percentile by Number Answered

Percent of People with Each Score

Your Score History

You have not taken this quiz